Oscars Asian Directors Quiz - Statistics

General Stats
  • This quiz has been taken 186 times
    139 since last reset
  • The average score is 7 of 10
Answer Stats
Year Movies Director % Correct
(various) Crouching Tiger, Hidden Dragon, Brokeback Mountain, Life of Pi Ang Lee
96%
2020 Parasite Bong Joon-ho
90%
1986 Ran Akira Kurosawa
84%
2021 Nomadland Chloé Zhao
80%
2023 Everything Everywhere All at Once Daniel Kwan
80%
(various) The Thin Red Line, The Tree of Life Terrence Malick
71%
2000 The Sixth Sense M. Night Shyamalan
59%
2022 Drive My Car Ryusuke Hamaguchi
38%
2021 Minari Lee Isaac Chung
36%
1966 Woman in the Dunes Hiroshi Teshigahara
25%
No matching quizzes found
Score Distribution
Percent of People with Each Score
Percentile by Number Answered
Your Score History
You have not taken this quiz since the last reset